LEADER 00853cam2 2200265 450 001 E600200065191 005 20190430093249.0 100 $a20100629d1965 |||||ita|0103 ba 101 $aita 102 $aIT 200 1 $a<<3: >>Paradiso$fDante Alighieri 210 $aBologna$cForni$dstampa 1965 215 $aXII, 905 p.$d22 cm 461 1$1001E600200065187$12000 $a<>Divina Commedia 700 1$aAlighieri$b, Dante$3AF00006811$4070$038904 702 1$aScartazzini, Giovanni Andrea$3A600200029740$4070 801 0$aIT$bUNISOB$c20190430$gRICA 850 $aUNISOB 852 $aUNISOB$j850$m31413 912 $aE600200065191 940 $aM 102 Monografia moderna SBN 941 $aM 957 $a850$b003449$i-3$gSi$d31413$1catenacci$2UNISOB$3UNISOB$420100702092844.0$520190430093249.0$6rovito 996 $aParadiso$9146978 997 $aUNISOB